Statistics for Stuttgart Airport Destinations (Stuttgart, Germany)

Click here to take the quiz!

General Stats

  • This quiz has been taken 52 times
  • The average score is 72 of 117

Answer Stats

AirlineDestination% Correct
EurowingsBerlin
100%
LufthansaMunich
100%
British Airways/EurowingsLondon (Heathrow)
98%
EurowingsHamburg
95%
Turkish AirlinesIstanbul
95%
AnadoluJet/Pegasus AirlinesIstanbul (Sabiha Gokcen)
95%
Austrian Airlines/EurowingsVienna
95%
Eurowings/KLMAmsterdam
93%
Pegasus Airlines/SunExpress/Turkish AirlinesAnkara
93%
Aegean Airlines/EurowingsAthens
93%
Eurowings/VuelingBarcelona
93%
Air FranceParis (Charles de Gaulle)
93%
Scandinavian AirlinesCopenhagen
90%
LufthansaFrankfurt
90%
ITA AirwaysMilan (Linate)
90%
EurowingsMilan (Malpensa)
90%
Scandinavian AirlinesOslo
90%
EurowingsRome (Fiumicino)
90%
LOT Polish AirlinesWarsaw (Chopin)
90%
Air SerbiaBelgrade
88%
EurowingsBudapest
88%
Swiss International Air LinesZurich
88%
EurowingsBucharest (Otopeni)
85%
Corendon Airlines/Eurowings/Pegasus Airlines/SunExpress/Turkish AirlinesIzmir
85%
EurowingsNaples
85%
EurowingsPalermo
83%
airBalticRiga
83%
EurowingsSofia
83%
EurowingsVenice
83%
AnadoluJet/Corendon Airlines/Eurowings/Freebird Airlines/Southwind Airlines/SunExpress/Tailwind Airlines/Turkish AirlinesAntalya
80%
EurowingsNice
80%
EurowingsPorto
80%
EurowingsDubrovnik
78%
EurowingsLisbon
78%
Condor/Eurowings/TUI fly DeutschlandPalma de Mallorca
78%
EurowingsSplit
78%
EurowingsStockholm (Arlanda)
78%
Delta Air LinesAtlanta
76%
EurowingsMalaga
76%
Israir AirlinesTel Aviv
76%
Aegean Airlines/EurowingsThessaloniki
76%
EurowingsTirana
76%
EurowingsZagreb
76%
Aegean Airlines/Condor/Eurowings/Marabu/TUI fly DeutschlandHeraklion
73%
EurowingsIbiza
73%
EurowingsKrakow
73%
Twin JetLyon
73%
Condor/Eurowings/TUI fly DeutschlandRhodes
73%
Condor/Eurowings/TUI fly DeutschlandTenerife (South)
73%
EurowingsValencia
73%
EurowingsBremen
71%
Condor/Eurowings/TUI fly DeutschlandCorfu
71%
Condor/Eurowings/TUI fly DeutschlandGran Canaria
71%
EurowingsAlicante
68%
EurowingsBari
68%
EurowingsBilbao
68%
TUI fly DeutschlandSal
68%
EurowingsSarajevo
68%
VoloteaBordeaux
66%
EurowingsCatania
66%
Condor/Eurowings/TUI fly DeutschlandKos
66%
Condor/Eurowings/TUI fly DeutschlandLanzarote
66%
EurowingsPisa
63%
EurowingsPristina
63%
EurowingsTunis
63%
Condor/Eurowings/TUI fly DeutschlandFuerteventura
59%
Eurowings/TUI fly DeutschlandFaro
56%
Air Cairo/Condor/TUI fly DeutschlandHurghada
56%
EurowingsSantorini
56%
SunExpressBodrum
51%
EurowingsChania
51%
EurowingsDubai (International)
51%
TUI fly DeutschlandMenorca
51%
VoloteaNantes
51%
EurowingsZakynthos
51%
EurowingsBeirut
49%
European Air Charter/EurowingsBurgas
49%
EurowingsCagliari
49%
Condor/Eurowings/TUI fly DeutschlandFunchal
49%
EurowingsLarnaca
49%
EurowingsMykonos
49%
European Air Charter/EurowingsVarna
49%
EurowingsZadar
49%
SunExpress/Turkish AirlinesGaziantep
46%
EurowingsRijeka
46%
Eurowings/SunExpress/Turkish AirlinesAdana
44%
EurowingsBastia
44%
EurowingsBrindisi
44%
NouvelairMonastir
44%
EurowingsOlbia
41%
EurowingsPula
41%
Nouvelair/TUI fly DeutschlandDjerba
39%
EurowingsLa Palma
39%
SunExpress/TUI fly DeutschlandDalaman
37%
EurowingsKalamata
37%
SunExpressKonya
37%
Air CairoMarsa Alam
37%
SunExpress/Turkish AirlinesTrabzon
37%
Condor/EurowingsPreveza/Lefkada
34%
TUI fly DeutschlandBoa Vista
32%
Pegasus Airlines/SunExpress/Turkish AirlinesKayseri
32%
EurowingsLamezia Terme
32%
SunExpress/Turkish AirlinesSamsun
32%
EurowingsTivat
29%
EurowingsSylt
27%
TUI fly DeutschlandJerez de la Frontera
24%
EurowingsKavala
24%
EurowingsTimisoara
22%
Turkish AirlinesOrdu (Giresun)
20%
EurowingsTbilisi
20%
SunExpressDiyarbakir
17%
TUI fly DeutschlandPatras
17%
Dan AirBrasov
15%
SunExpressHatay
15%
EurowingsArvidsjaur
7%
SunExpress/Turkish AirlinesElazig
5%
EurowingsKutahya
5%

Score Distribution

Percentile by Number Answered

Percent of People with Each Score

Your Score History

You have not taken this quiz